书目信息 |
| 题名: |
2024年国家法律职业资格考试通用教材
|
|
| 作者: | 方鹏 编著 | |
| 分册: | 第一册 刑法 | |
| 出版信息: | 北京 中国政法大学出版社 2024 |
|
| 页数: | 546页 | |
| 开本: | 26cm | |
| 丛书名: | ||
| 单 册: | ||
| 中图分类: | D9 , D924.01 | |
| 科图分类: | ||
| 主题词: | 法律--资格考试--教材 , 刑法--中国--资格考试--教材 | |
| 电子资源: | ||
| ISBN: | 978-7-5764-1271-0 | |
| 000 | 01221nam0 2200277 450 | |
| 001 | 012024000077 | |
| 005 | 20240925152955.54 | |
| 010 | @a978-7-5764-1271-0@dCNY99.00 | |
| 100 | @a20240924d2024 em y0chiy50 ea | |
| 101 | 0 | @achi |
| 102 | @aCN@b110000 | |
| 105 | @ay z 000yy | |
| 106 | @ar | |
| 200 | 1 | @a2024年国家法律职业资格考试通用教材@A2024 nian guo jia fa lv zhi ye zi ge kao shi tong yong jiao cai@h第一册@i刑法@f方鹏编著 |
| 210 | @a北京@c中国政法大学出版社@d2024 | |
| 215 | @a546页@d26cm | |
| 300 | @a法大法考2024年国家法律职业资格考试 通用教材 方鹏讲刑法 | |
| 330 | @a本书分为上下两编,内容涉及刑法概说、犯罪构成理论(客观不法-主观责任)、法益(犯罪客体)、客观不法要件(犯罪的客观要件)、主观责任要件(犯罪的主观要件)、犯罪阻却事由(违法阻却事由+责任阻却事由)、犯罪形态(既遂、中止、未遂、预备)、共同犯罪、危害公共安全罪、侵犯财产罪等。 | |
| 540 | 1 | @a国家法律职业资格考试通用教材@Aguo jia fa lv zhi ye zi ge kao shi tong yong jiao cai |
| 606 | 0 | @a法律@x资格考试@j教材 |
| 606 | 0 | @a刑法@y中国@x资格考试@j教材 |
| 690 | @aD9@v5 | |
| 690 | @aD924.01@v5 | |
| 701 | 0 | @a方鹏@Afang peng@4编著 |
| 801 | 0 | @aCN@bAHXH@c20240924 |
| 905 | @b214132589@b214132598@b214132605@b214132614@b214132623@dD9@e920:1@f5 | |
| 2024年国家法律职业资格考试通用教材.第一册.刑法/方鹏编著.-北京:中国政法大学出版社,2024 |
| 546页;26cm |
| 法大法考2024年国家法律职业资格考试 通用教材 方鹏讲刑法 |
| ISBN 978-7-5764-1271-0:CNY99.00 |
| 本书分为上下两编,内容涉及刑法概说、犯罪构成理论(客观不法-主观责任)、法益(犯罪客体)、客观不法要件(犯罪的客观要件)、主观责任要件(犯罪的主观要件)、犯罪阻却事由(违法阻却事由+责任阻却事由)、犯罪形态(既遂、中止、未遂、预备)、共同犯罪、危害公共安全罪、侵犯财产罪等。 |
| ● |
| 相关链接 |
|
|
|
|
正题名:2024年国家法律职业资格考试通用教材
索取号:D9/920:1
 
预约/预借
| 序号 | 登录号 | 条形码 | 馆藏地/架位号 | 状态 | 备注 |
| 1 | 1413258 | 214132589 | 第一样本阅览室/ [索取号:D9/920:1] | 在馆 | |
| 2 | 1413259 | 214132598 | 第一借阅区/ [索取号:D9/920:1] | 在馆 | |
| 3 | 1413260 | 214132605 | 第一借阅区/ [索取号:D9/920:1] | 在馆 | |
| 4 | 1413261 | 214132614 | 第一借阅区/ [索取号:D9/920:1] | 在馆 | |
| 5 | 1413262 | 214132623 | 第一借阅区/ [索取号:D9/920:1] | 在馆 |